| 000 | 00471nam a2200181Ia 4500 | ||
|---|---|---|---|
| 001 | 16170 | ||
| 005 | 20260306170250.0 | ||
| 008 | 260306t1998||||xx |||||||||||||| ||und|| | ||
| 041 | _aESP | ||
| 082 |
_a347L _bG96 |
||
| 100 |
_aGutiérrez Camacho, Walter _eAUT |
||
| 245 | 0 |
_aCompendio de legislación comercial: _bLegislación y jurisprudencia |
|
| 260 | _c1998 | ||
| 300 |
_a1085 páginas : _c23 cm. |
||
| 650 | _aGEN | ||
| 654 | _aCDE | ||
| 942 |
_cLIB _dJUS _fJUS _2ddc _n |
||
| 999 |
_c16170 _d16170 |
||